Физико-химическое исследование гидроокисей металлов: автореферат диссертации на соискание ученой степени доктора химических наук; спец. 02.00.01

Библиографические подробности
Главный автор: Смышляев С. И. Сергей Иванович
Автор-организация: Московский химико-технологический институт им. Д. И. Менделеева (МХТИ)
Примечания:Защита сост. 19.04.1977 г.
Язык:русский
Опубликовано: Москва, [Б. и.], 1975
Предметы:
Формат: Книга
Запись в KOHA:https://koha.lib.tpu.ru/cgi-bin/koha/opac-detail.pl?biblionumber=336408

MARC

LEADER 00000nam0a2200000 4500
001 336408
005 20231102004842.0
035 |a (RuTPU)RU\TPU\book\362824 
090 |a 336408 
100 |a 20171013d1975 k y0rusy50 ca 
101 0 |a rus 
102 |a RU 
105 |a a dm 001zy 
200 1 |a Физико-химическое исследование гидроокисей металлов  |e автореферат диссертации на соискание ученой степени доктора химических наук  |e спец. 02.00.01  |f С. И. Смышляев  |g Московский химико-технологический институт им. Д. И. Менделеева (МХТИ) 
210 |a Москва  |c [Б. и.]  |d 1975 
215 |a 40 с.  |c ил. 
300 |a Защита сост. 19.04.1977 г. 
320 |a Библиогр.: с. 38-40 (54 назв.) 
606 1 |a Металлы, гидроксиды  |x Химия  |2 stltpush  |3 (RuTPU)RU\TPU\subj\76804  |9 87623 
610 1 |a библиотека А. Г. Стромберга 
610 1 |a физико-химические исследования 
610 1 |a синтез 
610 1 |a непрерывный синтез 
610 1 |a водные растворы 
610 1 |a неводные растворы 
610 1 |a рентгенофазовый анализ 
610 1 |a термолиз 
610 1 |a термодинамика 
610 1 |a авторефераты диссертаций 
675 |a 546.3-3(04)  |v 4 
686 |a 02.00.01  |2 oksvnk 
700 1 |a Смышляев  |b С. И.  |g Сергей Иванович 
712 0 2 |a Московский химико-технологический институт им. Д. И. Менделеева (МХТИ)  |2 stltpush  |3 (RuTPU)RU\TPU\col\1701 
801 1 |a RU  |b 63413507  |c 20171013 
801 2 |a RU  |b 63413507  |c 20180202  |g RCR 
942 |c BK